Equipe de France de rugby - Tout les joueurs depuis 2010 - Statistiques

Statistiques générales
  • Ce quiz a été pris 340 fois
    266 depuis la dernière actualisation
  • Le résultat moyen est 67 sur 210
Statistiques - réponses
Années Poste Séléctions Essais Points Nom % Correct
2017-2023 Demi de mêlée 47 12 60 Antoine Dupont
92%
2006-2015 Troisième ligne aile 80 6 30 Thierry Dusautoir
85%
2013-2023 Centre 79 14 70 Gael Fickou
82%
2019-2023 Centre 36 6 151 Romain Ntamack
82%
2023 Arrière 25 4 169 Thomas Ramos
80%
2017-2023 Ailier 42 26 132 Damien Penaud
77%
2018-2023 Talonneur 29 1 5 Julien Marchand
76%
2008-2019 Demi de mêlée 71 3 370 Morgan Parra
75%
2016-2023 Pilier 43 3 15 Cyril Baille
74%
2003-2015 Pilier 85 1 5 Nicolas Mas
74%
2002-2013 Ailier 67 34 170 Vincent Clerc
74%
2018-2023 Demi d'ouverture 24 2 84 Matthieu Jalibert
71%
2019-2023 Talonneur 22 5 25 Peato Mauvaka
71%
2014-2023 Pilier 50 1 5 Uini Atonio
71%
2008-2019 Talonneur 74 8 40 Guilhem Guirado
70%
2008-2019 Arrière 63 14 73 Maxime Medard
69%
2012-2023 Arrière 37 9 48 Brice Dulin
68%
2014-2023 Troisième ligne aile 33 12 60 Charles Ollivon
66%
2019-2023 Troisième ligne aile 20 1 5 François Cros
66%
2021-2023 Demi de mêlée 13 0 5 Maxime Lucu
66%
2021-2023 Arrière 13 0 160 Melvyn Jaminet
66%
2016-2023 Demi de mêlée 43 6 98 Baptiste Serin
65%
2001-2015 Demi de mêlée 77 10 436 Frédéric Michalak
65%
2010-2019 Ailier 62 14 70 Yoann Huget
65%
2008-2019 Troisième ligne centre 82 10 50 Louis Picamoles
64%
2017-2023 Troisième ligne aile 25 3 15 Anthony Jelonch
62%
2016 Centre 2 0 0 Julien Rey
61%
2001-2012 Centre 76 21 105 Aurélien Rougerie
60%
2018-2023 Demi de mêlée 12 3 15 Baptiste Couilloud
60%
2012-2023 Deuxième ligne 43 2 10 Romain Taofifenua
60%
2000-2011 Troisième ligne centre 62 6 30 Sébastien Chabal
60%
2017 Pilier 2 0 0 Sébastien Taofifenua
60%
2013-2019 Demi d'ouverture 28 0 167 Camille Lopez
59%
2016-2023 Centre 20 3 15 Jonathan Danty
59%
2014-2021 Ailier 28 15 75 Teddy Thomas
58%
2020-2023 Ailier 17 2 10 Yoram Moefana
58%
2002-2012 Demi de mêlée 61 2 373 Dimitri Yachvili
57%
2009-2019 Centre 54 5 25 Mathieu Bastareau
57%
2019-2023 Deuxième ligne 29 2 10 Paul Willemse
57%
2020-2023 Pilier 22 0 0 Jean-Baptiste Gros
56%
2001-2011 Centre 73 16 83 Yannick Jauzion
56%
2020-2022 Ailier 12 6 30 Gabin Villiere
55%
2016-2022 Centre 32 10 50 Virimi Vakatawa
55%
2016-2021 Talonneur 33 2 10 Camille Chat
54%
2019-2023 Troisième ligne centre 39 4 20 Grégory Alldritt
54%
2008-2018 Demi d'ouverture 66 9 99 François Trinh-Duc
53%
2004-2015 Deuxième ligne 65 5 25 Pascal Pape
53%
2004-2012 Talonneur 49 2 10 William Servat
53%
2020-2023 Deuxième ligne 20 2 10 Cameron Woki
52%
2012-2019 Centre 48 15 75 Wesley Fofana
51%
2019-2023 Pilier 9 0 0 Dorian Aldegheri
49%
2022-2023 Pilier 7 0 0 Reda Wardi
49%
2004-2015 Talonneur 83 7 35 Dimitri Szarzewski
48%
2014-2018 Demi d'ouverture 18 0 68 Jules Plisson
48%
2013-2019 Pilier 57 4 20 Rabah Slimani
48%
2013-2021 Deuxième ligne 47 0 0 Bernard Le Roux
47%
2014 Talonneur 3 0 0 Brice Mach
47%
2002-2012 Troisième ligne aile 82 13 65 Imanol Harinordoquy
47%
2020-2021 Arrière 8 1 5 Anthony Bouthier
46%
2020-2023 Centre 15 1 5 Arthur Vincent
46%
2001-2012 Arrière 47 7 35 Clément Poitrenaud
46%
2001-2011 Arrière 86 14 128 Damien Traille
46%
2001-2012 Pilier 42 3 15 Jean-Baptiste Poux
45%
2020-2023 Pilier 16 0 0 Mohamed Haouas
44%
2012-2018 Deuxième ligne 65 1 5 Yoann Maestri
44%
2021-2023 Demi d'ouverture 3 0 0 Antoine Hastoy
43%
2012-2019 Demi de mêlée 38 1 149 Maxime Machenaud
43%
2016 Pilier 2 0 0 Vincent Pelo
42%
2004-2012 Troisième ligne centre 75 6 30 Julien Bonnaire
41%
2000-2012 Deuxième ligne 74 9 45 Lionel Nallet
41%
2014-2017 Arrière 23 1 26 Scott Spedding
41%
2017-2023 Troisième ligne aile 16 1 5 Sekou Macalou
41%
2021-2023 Talonneur 7 0 0 Gaetan Barlot
40%
2008-2016 Centre 35 3 15 Maxime Mermoz
40%
2020-2023 Troisième ligne aile 21 1 5 Dylan Cretin
39%
2016-2020 Pilier 36 1 5 Jefferson Poirot
39%
2007-2018 Demi d'ouverture 24 1 122 Lionel Beauxis
39%
2023 Centre 1 0 0 Emilien Gailleton
38%
2018-2023 Talonneur 8 1 5 Pierre Bourgarit
38%
2012-2019 Deuxième ligne 46 1 5 Sébastien Vahaamahina
38%
2023 Ailier 6 2 10 Ethan Dumortier
37%
2023 Arrière 1 1 5 Louis Bielle-Biarrey
37%
2021-2022 Ailier 5 2 10 Matthis Lebel
37%
2023 Troisième ligne aile 1 0 0 Paul Boudehent
37%
2021-2023 Pilier 13 1 5 Sifili Falatea
37%
2004-2015 Troisième ligne aile 46 6 30 Yannick Nyanga
37%
2019-2020 Ailier 5 3 15 Alivereti Raka
36%
2014-2015 Demi de mêlée 11 0 15 Rory Kockott
34%
2000-2011 Arrière 59 16 80 Cédric Heymans
33%
2018 Arrière 2 0 0 Geoffrey Palis
33%
2017-2020 Ailier 8 1 5 Vincent Rattez
33%
2022-2023 Deuxième ligne 4 0 0 Bastien Chalureau
32%
2015-2017 Ailier 15 2 10 Noa Nakaitaci
32%
2008-2015 Demi de mêlée 19 3 15 Sébastien Tillous Borde
32%
2018-2022 Pilier 18 0 0 Dany Priso
31%
2020-2021 Demi d'ouverture 5 0 16 Louis Carbonel
31%
2008-2012 Arrière 21 2 10 Alexis Palisson
29%
2017-2019 Deuxième ligne 16 1 5 Paul Gabrillagues
29%
2016-2020 Demi de mêlée 8 0 0 Sébastien Bezy
29%
2010-2019 Troisième ligne aile 27 1 5 Wenceslas Lauret
29%
2001-2011 Demi d'ouverture 23 0 112 David Skrela
28%
2008-2015 Talonneur 37 2 10 Benjamin Kayser
27%
2012-2017 Talonneur 7 0 0 Christopher Tolofua
27%
2005-2011 Centre 37 11 55 David Marty
27%
2007-2015 Troisième ligne aile 39 2 10 Fulgence Ouedraogo
27%
2019-2021 Centre 3 1 5 Pierre-Louis Barassi
27%
2020-2022 Troisième ligne centre 2 0 0 Selevasio Tolofua
27%
1998-2011 Pilier 84 3 15 Sylvain Marconnet
27%
2013-2018 Pilier 20 0 0 Eddy Ben Arous
26%
2005-2013 Centre 34 3 24 Florian Fritz
26%
2011-2017 Demi d'ouverture 17 1 41 Jean-Marc Doussain
26%
2013-2015 Demi d'ouverture 24 0 0 Rémi Tales
26%
2013-2019 Centre 9 3 15 Sofiane Guitoune
26%
2006-2015 Pilier 37 1 5 Vincent Debaty
26%
2016-2017 Ailier 4 0 0 Djibril Camara
25%
2016-2019 Troisième ligne aile 17 0 0 Yacouba Camara
25%
2017-2019 Demi d'ouverture 12 1 24 Anthony Belleau
24%
2017-2019 Troisième ligne aile 15 1 5 Arthur Iturria
24%
2007-2017 Troisième ligne centre 46 3 15 Damien Chouly
24%
2007-2012 Deuxième ligne 27 1 5 Julien Pierre
24%
2018-2019 Deuxième ligne 10 0 0 Félix Lambey
23%
2009-2014 Pilier 36 1 5 Thomas Domingo
23%
2020 Talonneur 1 0 0 Teddy Baubigny
22%
2021-2023 Deuxième ligne 16 4 20 Thibaud Flamand
22%
2022 Deuxième ligne 2 0 0 Thomas Jolmes
22%
2017 Ailier 1 1 5 Gabriel Lacroix
21%
2015-2017 Troisième ligne centre 17 1 5 Loann Goujon
21%
2020-2021 Deuxième ligne 3 1 5 Swan Rebbadj
21%
2009-2018 Ailier 14 3 15 Benjamin Fall
20%
2016-2018 Troisième ligne aile 19 0 0 Kevin Gourdon
20%
2022 Arrière 1 0 0 Max Spring
20%
2009-2018 Troisième ligne aile 13 2 10 Alexandre Lapandry
18%
2018-2023 Pilier 26 0 0 Demba Bemba
18%
2008-2011 Pilier 20 0 0 Fabien Barcella
18%
2003-2011 Deuxième ligne 54 1 5 Jérôme Thion
18%
2022-2023 Troisième ligne centre 3 0 0 Yoan Tanga
18%
2020 Ailier 1 0 0 Arthur Retiere
16%
2018 Pilier 9 1 5 Cedate Gomes Sa
16%
2008-2012 Ailier 20 5 25 Julien Malzieu
16%
2014-2018 Centre 19 2 10 Rémi Lamerat
16%
2014-2015 Centre 8 0 0 Alexandre Dumoulin
15%
2013-2016 Deuxième ligne 22 0 0 Alexandre Flanquart
15%
2021 Talonneur 3 0 0 Anthony Etrillard
15%
2020-2021 Deuxième ligne 4 0 0 Baptiste Pesenti
15%
2021 Deuxième ligne 4 0 0 Cyril Cazeaux
15%
2020-2021 Deuxième ligne 4 0 0 Kilian Geraci
15%
2010-2013 Pilier 17 0 0 Luc Ducalcon
15%
2020 Pilier 2 0 0 Rodrigue Neti
15%
2017-2019 Centre 13 0 0 Geoffrey Doumayrou
14%
2020 Centre 1 0 0 Jean-Pascal Barraque
14%
2017 Ailier 4 0 0 Nans Ducuing
14%
2016-2017 Deuxième ligne 10 0 0 Paul Jedrasiak
14%
2020-2021 Pilier 3 0 0 Hassane Kolingar
13%
2021-2022 Troisième ligne aile 2 0 0 Ibrahim Diallo
13%
2011-2016 Troisième ligne centre 4 0 0 Raphael Lakafia
13%
2005-2011 Deuxième ligne 18 0 0 Romain Millo-Chluski
13%
2021 Pilier 2 0 0 Enzo Forletta
12%
2022 Deuxième ligne 1 0 0 Florian Verhaeghe
12%
2017-2018 Troisième ligne aile 4 0 0 Judicael Cancoriet
12%
2021 Demi de mêlée 2 0 0 Teddy Iribaren
12%
2022 Deuxième ligne 2 0 0 Thomas Lavault
12%
2021 Pilier 1 0 0 Wilfrid Hounkpatin
12%
2012-2014 Pilier 11 0 0 Yannick Forestier
12%
2020 Deuxième ligne 1 0 0 Guillaume Ducat
11%
2017-2018 Centre 4 1 5 Henry Chavancy
11%
2014-2018 Arrière 11 4 20 Hugo Bonneval
11%
2009-2012 Demi de mêlée 8 0 38 Julien Dupuy
11%
2020 Deuxième ligne 2 0 0 Boris Palu
10%
2005-2010 Deuxième ligne 14 1 5 Grégory Lamboley
10%
2018 Troisième ligne aile 5 0 0 Mathieu Babillot
10%
2015-2018 Ailier 5 2 10 Rémy Grosso
10%
2014-2017 Pilier 10 0 0 Xavier Chiocci
10%
2014-2016 Troisième ligne aile 4 0 0 Antoine Burban
9%
2019 Pilier 6 0 0 Emerick Setiano
9%
2021 Centre 1 0 0 Julien Hériteau
9%
2021 Deuxième ligne 2 0 0 Pierre-Henri Azagoh
9%
2021 Pilier 2 0 0 Quentin Walcker
9%
2018 Talonneur 7 0 0 Adrien Pelissie
8%
2021 Troisième ligne aile 1 0 0 Alexandre Bécognée
8%
2010 Arrière 4 0 3 Jérôme Porical
8%
2010-2011 Centre 8 0 0 Fabrice Estebanez
7%
2010-2013 Ailier 7 2 10 Marc Andreu
7%
2013-2014 Troisième ligne aile 6 0 0 Antonie Claasen
6%
2009-2010 Ailier 2 0 0 Julien Arias
6%
2018 Troisième ligne centre 5 0 0 Marco Tauleigne
6%
2016-2017 Talonneur 8 0 0 Clément Maynadier
5%
2019 Pilier 3 0 0 Etienne Falgoux
5%
2017-2018 Troisième ligne aile 4 0 0 Fabien Sanconnie
5%
2012 Arrière 2 0 0 Jean-Marcellin Buttin
5%
2012-2015 Deuxième ligne 6 0 0 Jocelino Suta
5%
2017 Pilier 1 0 0 Raphael Chaume
5%
2014-2015 Pilier 6 0 0 Alexandre Menini
4%
2012-2013 Deuxième ligne 5 0 0 Christophe Samson
4%
2016 Ailier 1 0 0 Xavier Mignot
4%
2013-2017 Pilier 4 0 0 Daniel Kotze
3%
2014 Centre 1 0 0 Félix Le Bourhis
3%
2010 Pilier 2 0 0 Jérôme Schuster
3%
2008-2011 Demi de mêlée 3 0 0 Julien Tomas
3%
2016-2018 Troisième ligne aile 6 0 0 Kelian Galletier
3%
2013 Ailier 2 0 0 Adrien Plante
2%
2010 Talonneur 1 0 0 Benjamin Noirot
2%
2006-2012 Pilier 4 0 0 David Attoub
2%
2007-2010 Centre 2 0 0 Lionel Mazars
2%
2016 Pilier 2 0 0 Lucas Pointud
2%
2017 Pilier 1 0 0 Mohamed Boughanmi
2%
2016 Talonneur 2 1 5 Rémi Bonfils
2%
2016 Deuxième ligne 1 0 0 William Demotte
2%
2016 Deuxième ligne 1 0 0 Fabrice Metz
1%
2012 Pilier 1 0 0 Yvan Watremez
1%
2016-2017 Deuxième ligne 11 0 0 Julien Le Devenec
0%
Aucun quiz correspondant
Distribution des résultats
% des personnes avec chaque résultat
Percentile par nombre de réponses
Votre historique - résultats
Vous n’avez pas pris ce quiz depuis la dernière actualisation